[Event "BCF-chT2b 1314 (4NCL)"]
[Site "England"]
[Date "2014.01.11"]
[Round "3.81"]
[White "Reid, John"]
[Black "Holland, James P"]
[Result "0-1"]
[WhiteElo "2157"]
[BlackElo "2255"]
[PlyCount "102"]
[EventDate "2013.11.16"]
[EventType "team-swiss"]
[EventRounds "11"]
[EventCountry "ENG"]
[SourceTitle "EXT 2015"]
[Source "ChessBase"]
[SourceDate "2014.11.20"]
[SourceVersion "1"]
[SourceVersionDate "2014.11.20"]
[SourceQuality "1"]
[WhiteTeam "Hackney"]
[BlackTeam "BCM Dragons"]
[WhiteTeamCountry "ENG"]
[BlackTeamCountry "ENG"]

1. d4 d5 2. c4 e6 3. Nc3 c5 4. cxd5 exd5 5. Nf3 Nc6 6. g3 Nf6 7. Bg2 Be7 8. 0-0 0-0 9. Bg5 c4 10. Ne5 Be6 11. b3 h6 12. Bxf6 Bxf6 13. Nxc6 bxc6 14. bxc4 dxc4 15. e3 Qa5 16. Rc1 Rac8 17. Qa4 Qxa4 18. Nxa4 Be7 19. Nb2 Ba3 20. Rc2 Bxb2 21. Rxb2 Rc7 22. Rd1 g5 23. Kf1 Rd8 24. Ke1 Kg7 25. Kd2 Bd5 26. Bf1 c5 27. Kc3 Be6 28. Bg2 cxd4+ 29. exd4 Rd6 30. d5 Bf5 31. Rb4 Bd3 32. a4 Re7 33. Rb2 Ra6 34. Ra1 Kf6 35. Kd4 Rc7 36. Rb5 Ke7 37. Re1+ Kd6 38. a5 Bc2 39. Ra1 Bd3 40. Re1 Bf5 41. Ra1 c3 42. Be4 Bd7 43. Rb3 c2 44. Rc3 Rxc3 45. Kxc3 Rxa5 46. Rc1 Rc5+ 47. Kb3 Bg4 48. f3 f5 49. Bxc2 Bxf3 50. Rf1 Bxd5+ 51. Kb2 Be4 0-1